000 00570nam a2200217 4500
003 OSt
005 20260530113841.0
008 260417b |||||||| |||| 00| 0 eng d
020 _a0 09 121231 6
040 _cspa
050 _aHOLA
100 1 _aNigel Cross, David Elliot, Robin Ray
_930203
245 1 0 _aMan-Made Futures
264 1 _bHutchison Educational
_c1974
300 _a355 páginas
336 _atexto
_2rdacontent
337 _asin medio
_2rdamedia
338 _avolumen
_2rdacarrier
500 _a Diseño de Indumentaria y Textil
942 _2ddc
_cBK
999 _c11115
_d11115